<?xml version="1.0" encoding="UTF-8"?>
<record
    xmlns:xsi="http://www.w3.org/2001/XMLSchema-instance"
    xsi:schemaLocation="http://www.loc.gov/MARC21/slim http://www.loc.gov/standards/marcxml/schema/MARC21slim.xsd"
    xmlns="http://www.loc.gov/MARC21/slim">

  <leader>01536nam a22002177a 4500</leader>
  <controlfield tag="005">20240304100921.0</controlfield>
  <controlfield tag="008">240304b           ||||| |||| 00| 0 eng d</controlfield>
  <datafield tag="020" ind1=" " ind2=" ">
    <subfield code="a">9781433833458</subfield>
  </datafield>
  <datafield tag="040" ind1=" " ind2=" ">
    <subfield code="c">AL</subfield>
  </datafield>
  <datafield tag="041" ind1=" " ind2=" ">
    <subfield code="a">eng</subfield>
  </datafield>
  <datafield tag="082" ind1=" " ind2=" ">
    <subfield code="2">23</subfield>
    <subfield code="a">300.721</subfield>
    <subfield code="b">HILE</subfield>
  </datafield>
  <datafield tag="100" ind1=" " ind2=" ">
    <subfield code="a">Clara E Hill</subfield>
    <subfield code="9">152628</subfield>
  </datafield>
  <datafield tag="245" ind1=" " ind2=" ">
    <subfield code="a">Essentials of consensual qualitative research                    </subfield>
  </datafield>
  <datafield tag="260" ind1=" " ind2=" ">
    <subfield code="a">Washington</subfield>
    <subfield code="b">American Psychological Association</subfield>
    <subfield code="c">2021</subfield>
  </datafield>
  <datafield tag="300" ind1=" " ind2=" ">
    <subfield code="a">viii,104p.</subfield>
    <subfield code="b">PB</subfield>
    <subfield code="c">23x15cm.</subfield>
  </datafield>
  <datafield tag="365" ind1=" " ind2=" ">
    <subfield code="2">General</subfield>
    <subfield code="a">7740</subfield>
    <subfield code="b">&#x20B9;1348.73</subfield>
    <subfield code="c">&#x20B9;</subfield>
    <subfield code="d">&#x20B9;1729.00</subfield>
    <subfield code="e">22%</subfield>
    <subfield code="f">15-02-2024</subfield>
  </datafield>
  <datafield tag="520" ind1=" " ind2=" ">
    <subfield code="a">The brief, practical texts in the Essentials of Qualitative Methods series introduce social science and psychology researchers to key approaches to capturing phenomena not easily measured quantitatively, offering exciting, nimble opportunities to gather in-depth qualitative data.In this volume, Clara E. Hill and Sarah Knox describe consensual qualitative research (CQR), an inductive method characterized by open-ended interview questions, small samples, a reliance on words over numbers, the importance of context, an integration of multiple viewpoints (for example, the consensus of the research team and auditors), and a high emphasis on rigor and replicability. CQR is especially well suited to research that requires rich descriptions of inner experiences, attitudes, and convictions, and is therefore widely used by psychotherapy researchers.</subfield>
  </datafield>
  <datafield tag="650" ind1=" " ind2=" ">
    <subfield code="2">Qualitative Research</subfield>
    <subfield code="a">Social Sciences</subfield>
    <subfield code="9">152629</subfield>
  </datafield>
  <datafield tag="700" ind1=" " ind2=" ">
    <subfield code="a">Knox, Sarah</subfield>
    <subfield code="9">152630</subfield>
  </datafield>
  <datafield tag="942" ind1=" " ind2=" ">
    <subfield code="2">ddc</subfield>
    <subfield code="c">BK</subfield>
  </datafield>
  <datafield tag="999" ind1=" " ind2=" ">
    <subfield code="c">229977</subfield>
    <subfield code="d">229977</subfield>
  </datafield>
  <datafield tag="952" ind1=" " ind2=" ">
    <subfield code="0">0</subfield>
    <subfield code="1">0</subfield>
    <subfield code="2">ddc</subfield>
    <subfield code="4">0</subfield>
    <subfield code="7">0</subfield>
    <subfield code="8">CPSY</subfield>
    <subfield code="a">SACPG</subfield>
    <subfield code="b">SACPG</subfield>
    <subfield code="d">2024-02-24</subfield>
    <subfield code="e">Biblios Book Point</subfield>
    <subfield code="g">1348.73</subfield>
    <subfield code="l">0</subfield>
    <subfield code="o">300.721 HILE</subfield>
    <subfield code="p">PG024646</subfield>
    <subfield code="r">2024-03-04 00:00:00</subfield>
    <subfield code="v">1729.00</subfield>
    <subfield code="w">2024-03-04</subfield>
    <subfield code="y">BK</subfield>
  </datafield>
</record>
